Joueurs champions du monde en 2018 - Football - Statistiques

Statistiques générales
  • Ce quiz a été pris 456 fois
  • Le résultat moyen est 19 sur 23
Statistiques - réponses
Réponse % Correct
1 Hugo Lloris
99%
10 Kylian Mbappé
99%
7 Antoine Griezmann
98%
9 Olivier Giroud
98%
2 Benjamin Pavard
94%
6 Paul Pogba
94%
4 Raphaël Varane
94%
13 N'Golo Kanté
93%
21 Lucas Hernandez
92%
11 Ousmane Dembélé
90%
5 Samuel Umtiti
88%
16 Steve Mandanda
88%
23 Alphonse Areola
86%
17 Adil Rami
82%
14 Blaise Matuidi
80%
15 Steven Nzonzi
74%
20 Florian Thauvin
66%
3 Presnel Kimpembe
64%
18 Nabil Fekir
63%
22 Benjamin Mendy
57%
12 Corentin Tolisso
56%
8 Thomas Lémar
55%
19 Djibril Sidibé
52%
Aucun quiz correspondant
Distribution des résultats
% des personnes avec chaque résultat
Percentile par nombre de réponses
Votre historique - résultats
Vous n’avez pas pris ce quiz